000 00647nam a2200277Ia 4500
005 20260324143731.0
008 008 260324s9999 xx 000 0 eng d
020 _a9780429046285
037 _aEBOOK
040 _aCRL
040 _beng
040 _cCRL
041 _2eng
041 _aeng
084 _qCRL
100 _aGeorge Breslauer
_91216731
245 0 _aLearning In U.s. And Soviet Foreign Policy
260 _bTaylor and Francis
260 _c1991
365 _a
365 _b230
856 _uhttp://www.taylorfrancis.com/books/9780429046285
942 _cEBOOK
999 _c1822477
_d1822477